| 000 | 01127nam a2200289 a 4500 | ||
|---|---|---|---|
| 005 | 20060722155810.0 | ||
| 008 | 030918s2003 ii ab b 001 0 eng | ||
| 010 | _aENG-91564 | ||
| 020 |
_a9780195697346 _c650.00 |
||
| 020 |
_a0195697340 _c650.00 |
||
| 035 | _aEN-75097 | ||
| 037 | _bDBAD / PUB | ||
| 040 |
_adpl _bEnglish |
||
| 082 | _a332.10684 | ||
| 245 |
_aCorporate accounability and sustainable development / _cedited by Peter Utting (and) Jennifer Clapp |
||
| 260 |
_aNew Delhi _bOxford University Press _c2008 |
||
| 300 |
_axvi, 259 p. _c22 cm (Hb) |
||
| 490 | _aEcological economics and human well-being;edited by Joan Martinez-Alier (and) Pushpam Kumar | ||
| 500 | _aIncludes index. | ||
| 520 | _aContributed essays. | ||
| 650 | _aCorporate governance | ||
| 650 | _aSocial responsibility of business | ||
| 700 | _aUtting, Peter | ||
| 700 | _aClapp, Jennifer | ||
| 942 |
_2ddc _cEN _mCOR _h332.10684 |
||
| 999 |
_c18171 _d18171 |
||